Tu hijo (Registro nro. 2174)

Detalles MARC
000 -CABECERA
Longitud fija campo de control 01805nam a2200433 b 4500
001 - NÚMERO DE CONTROL
Número de control Mimo0000368081
003 - IDENTIFICADOR DELl NÚMERO DE CONTROL
Identificador del número de control OSt
005 - FECHA Y HORA DE LA ÚLTIMA TRANSACCIÓN
Fecha y hora de la última transacción 20140110213004.0
008 - CÓDIGOS DE INFORMACIÓN DE LONGITUD FIJA
Códigos de información de longitud fija 921202s1990 sp | |||| ||spa d
020 ## - NÚMERO INTERNACIONAL NORMALIZADO PARA LIBROS
Número Internacional Normalizado para Libros (ISBN) 84-226-4777-X
040 ## - FUENTE DE LA CATALOGACIÓN
Centro catalogador de origen SpMaBN
Centro transcriptor BMC
082 ## - NÚMERO DE LA CLASIFICACIÓN DECIMAL DEWEY
Númeroo de clasificación 613.0432
100 1# - PUNTO DE ACCESO PRINCIPAL-NOMBRE DE PERSONA
Nombre de persona Schilte, Christine
9 (RLIN) 5050
245 10 - MENCIÓN DE TÍTULO
Título Tu hijo
Resto del título : de 0 a 3 años
Mención de responsabilidad, etc. Christine Schilte, Françoise Auzouy ; [traducción, Mercedes Lloret]
260 0# - PUBLICACIÓN, DISTRIBUCIÓN, ETC. (PIE DE IMPRENTA)
Lugar de publicación, distribución, etc. Barcelona
Nombre del editor, distribuidor, etc. Salvat
Fecha de publicación, distribución, etc. 1990
300 ## - DESCRIPCIÓN FÍSICA
Extensión 451 p.
Otras características físicas il.
Dimensiones 23 cm
490 ## - MENCIÓN DE SERIE
Mención de serie Círculo de lectores
650 24 - PUNTO DE ACCESO ADICIONAL DE MATERIA - TÉRMINO DE MATERIA
Término de materia o nombre geográfico como elemento inicial Niños
9 (RLIN) 4328
Subdivisión de materia general Cuidado
650 24 - PUNTO DE ACCESO ADICIONAL DE MATERIA - TÉRMINO DE MATERIA
9 (RLIN) 5460
Término de materia o nombre geográfico como elemento inicial Niños
Subdivisión de materia general Salud e higiene
700 1# - PUNTO DE ACCESO ADICIONAL - NOMBRE DE PERSONA
Nombre de persona Lloret, Mercedes
9 (RLIN) 5107
700 1# - PUNTO DE ACCESO ADICIONAL - NOMBRE DE PERSONA
9 (RLIN) 5051
Nombre de persona Auzouy, Françoise
942 ## - ENTRADA DE ELEMENTOS AGREGADOS (KOHA)
Fuente de clasificaión o esquema Dewey Decimal Classification
Koha [por defecto] tipo de item 1- Monografias
956 ## - LOCALIZACIÓN Y ACCESO ELECTRÓNICO LOCAL (OCLC)
Nombre de la fuente 1 2
980 ## - EQUIVALENCIA O SECCIÓN-REFERENCIA-INFORME SERIES--NOMBRE / TÍTULO DE PERSONA [LOCAL, CANADA]
Nombre personal M-BN
Numeración BNMADRID
Atributo cualificador 9/74436
T&íacute;tulos u otras palabras asociadas a nombre SG_RECOLET
980 ## - EQUIVALENCIA O SECCIÓN-REFERENCIA-INFORME SERIES--NOMBRE / TÍTULO DE PERSONA [LOCAL, CANADA]
Nombre personal NA 1228-1995
-- M-BN
Numeración BNALCALA
Atributo cualificador AHM/218695
T&íacute;tulos u otras palabras asociadas a nombre SALA_ALC
980 ## - EQUIVALENCIA O SECCIÓN-REFERENCIA-INFORME SERIES--NOMBRE / TÍTULO DE PERSONA [LOCAL, CANADA]
Nombre personal NA 1228-1996
-- M-BN
Numeración BNALCALA
Atributo cualificador AHM/218955
T&íacute;tulos u otras palabras asociadas a nombre SALA_ALC
980 ## - EQUIVALENCIA O SECCIÓN-REFERENCIA-INFORME SERIES--NOMBRE / TÍTULO DE PERSONA [LOCAL, CANADA]
Nombre personal B 33323-1993
-- M-BN
Numeración BNALCALA
Atributo cualificador AHM/268813
T&íacute;tulos u otras palabras asociadas a nombre SALA_ALC
980 ## - EQUIVALENCIA O SECCIÓN-REFERENCIA-INFORME SERIES--NOMBRE / TÍTULO DE PERSONA [LOCAL, CANADA]
Nombre personal B 18712-2001
-- 84-345-6645-1
-- M-BN
Numeración BNALCALA
Atributo cualificador AHM/491238
T&íacute;tulos u otras palabras asociadas a nombre SALA_ALC
980 ## - EQUIVALENCIA O SECCIÓN-REFERENCIA-INFORME SERIES--NOMBRE / TÍTULO DE PERSONA [LOCAL, CANADA]
Nombre personal B 21067-2005
-- 84-345-6645-1
-- M-BN
Atributo cualificador AHMo/144458
980 ## - EQUIVALENCIA O SECCIÓN-REFERENCIA-INFORME SERIES--NOMBRE / TÍTULO DE PERSONA [LOCAL, CANADA]
Nombre personal B 13721-2006
-- 84-345-6645-1
-- M-BN
Atributo cualificador AHMo/216392
980 ## - EQUIVALENCIA O SECCIÓN-REFERENCIA-INFORME SERIES--NOMBRE / TÍTULO DE PERSONA [LOCAL, CANADA]
Nombre personal M-BN
Numeración BNALCALA
Atributo cualificador DL/531614
T&íacute;tulos u otras palabras asociadas a nombre CONSERVACI
980 ## - EQUIVALENCIA O SECCIÓN-REFERENCIA-INFORME SERIES--NOMBRE / TÍTULO DE PERSONA [LOCAL, CANADA]
Nombre personal NA 1228-1995
-- M-BN
Numeración BNALCALA
Atributo cualificador DL/716464
T&íacute;tulos u otras palabras asociadas a nombre CONSERVACI
980 ## - EQUIVALENCIA O SECCIÓN-REFERENCIA-INFORME SERIES--NOMBRE / TÍTULO DE PERSONA [LOCAL, CANADA]
Nombre personal B 33323-1993
-- M-BN
Numeración BNALCALA
Atributo cualificador DL/763579
T&íacute;tulos u otras palabras asociadas a nombre CONSERVACI
980 ## - EQUIVALENCIA O SECCIÓN-REFERENCIA-INFORME SERIES--NOMBRE / TÍTULO DE PERSONA [LOCAL, CANADA]
Nombre personal B 11052-1999
-- 84-345-6645-1
-- M-BN
Numeración BNALCALA
Atributo cualificador DL/919622
T&íacute;tulos u otras palabras asociadas a nombre CONSERVACI
980 ## - EQUIVALENCIA O SECCIÓN-REFERENCIA-INFORME SERIES--NOMBRE / TÍTULO DE PERSONA [LOCAL, CANADA]
Nombre personal B 18712-2001
-- 84-345-6645-1
-- M-BN
Numeración BNALCALA
Atributo cualificador DL/1052741
T&íacute;tulos u otras palabras asociadas a nombre CONSERVACI
980 ## - EQUIVALENCIA O SECCIÓN-REFERENCIA-INFORME SERIES--NOMBRE / TÍTULO DE PERSONA [LOCAL, CANADA]
Nombre personal B 24269-2003
-- 84-345-6645-1
-- M-BN
Numeración BNALCALA
Atributo cualificador DL/1261323
T&íacute;tulos u otras palabras asociadas a nombre CONSERVACI
980 ## - EQUIVALENCIA O SECCIÓN-REFERENCIA-INFORME SERIES--NOMBRE / TÍTULO DE PERSONA [LOCAL, CANADA]
Nombre personal B 21067-2005
-- 84-345-6645-1
-- M-BN
Numeración BNALCALA
Atributo cualificador DL/1407246
T&íacute;tulos u otras palabras asociadas a nombre CONSERVACI
980 ## - EQUIVALENCIA O SECCIÓN-REFERENCIA-INFORME SERIES--NOMBRE / TÍTULO DE PERSONA [LOCAL, CANADA]
Nombre personal B 13721-2006
-- 84-345-6645-1
-- M-BN
Numeración BNALCALA
Atributo cualificador DL/1497027
T&íacute;tulos u otras palabras asociadas a nombre CONSERVACI
Existencias
Suprimido Perdido Fuente de clasificación o esquema Estropeado Restricciones de uso No para préstamo Código de colección Localización permanente Localización actual Localización en estanter&íacute;as Fecha adquisición Fuente de adquisición Número de inventario Préstamos totales Signatura completa Código de barras Fecha última consulta Fecha último préstamo Coste, precio reemplazado Fecha del precio de reemplazo Tipo de item de Koha
NULL NULL Dewey Decimal Classification NULL Préstamo en Sala NULL NULL Biblioteca Miguel de Cervantes - UNICAES Biblioteca Miguel de Cervantes - UNICAES Sala Principal 19/09/2013 Donación - Hnas Concepcionistas 002759 2 613.0432 SCH tuh 1002759 03/05/2019 02/05/2019 22.00 19/09/2013 1- Monografias